ARRUPE JESUIT UNIVERSITY

CORONAVIRUS -STOP THE SPREAD - CLEAN,DISINFECT,COVER

The Far side of the world (Record no. 118698)

MARC details
000 -LEADER
fixed length control field 00360nam a22001337a 4500
008 - FIXED-LENGTH DATA ELEMENTS--GENERAL INFORMATION
fixed length control field 131126b xxu||||| |||| 00| 0 eng d
020 ## - INTERNATIONAL STANDARD BOOK NUMBER
International Standard Book Number 0006499252
050 ## - LIBRARY OF CONGRESS CALL NUMBER
Classification number PZ3.O1285F3
100 ## - MAIN ENTRY--PERSONAL NAME
Personal name O'Brian, Patrick
9 (RLIN) 3913
245 ## - TITLE STATEMENT
Title The Far side of the world
260 ## - PUBLICATION, DISTRIBUTION, ETC. (IMPRINT)
Place of publication, distribution, etc London
Name of publisher, distributor, etc HarperCollinsPublishers
Date of publication, distribution, etc 1984
300 ## - PHYSICAL DESCRIPTION
Extent 374p.;
Dimensions 20cm
942 ## - ADDED ENTRY ELEMENTS (KOHA)
Source of classification or shelving scheme Library of Congress Classification
Item type Monograph ( Printed materials)
Holdings
Withdrawn status Lost status Source of classification or shelving scheme Damaged status Not for loan Home library Current library Date acquired Total Checkouts Full call number Barcode Date last seen Price effective from Koha item type
    Library of Congress Classification     ARRUPE LIBRARY ARRUPE LIBRARY 26/11/2013   PZ3.O1285F3 464122756 02/07/2019 26/11/2013 Monograph ( Printed materials)

 

Arrupe Library. PO Box MP320 Mt Pleasant, Harare, Zimbabwe
263 242 745411|librarian@aju.ac.zw